Le Monde par lettre - U - Statistiques

Statistiques générales
  • Ce quiz a été pris 205 fois
  • Le résultat moyen est 6 sur 10
Statistiques - réponses
Indices Réponses % Correct
Nous en anglais Us
97%
Sa capitale est Montevideo Uruguay
95%
Pays en guerre (en date de juillet 2022) Ukraine
94%
État américain Utah
81%
Méchante dans la Petite Sirène Ursula
73%
Unique en espagnol Unico
65%
______ S. Grant Ulysses
22%
État indien le plus peuplé (200 millions d'habitants) Uttar Pradesh
16%
Ville la plus peuplée du monde commençant par U Urumqi
11%
Ustensile en anglais Utensil
5%
Aucun quiz correspondant
Distribution des résultats
% des personnes avec chaque résultat
Percentile par nombre de réponses
Votre historique - résultats
Vous n’avez pas pris ce quiz